| Registos Bibliográficos associados ao registo de autoridade |
|
Etiqueta de registo: 01020ckm 2200265 450 001 1157224 003 http://id.bnportugal.gov.pt/bib/catbnp/1157224 100 ## $a20030624d2001 k y0pory0103 ba 101 0# $apor 102 ## $aPT 200 1# $aRiscos naturais em Portugal$bVisual gráfico]$eimplicações no ordenamento do território$ecurso de Verão$fReitoria da Universidade de Lisboa$gdesign Leonel Ângelo 210 #9 $aLisboa$cR.U.,$d2001 215 ## $a1 cartaz$ccolor.$d60x42 cm 300 ## $aNa Reitoria da Univ. de Lisboa, de 2 a 6 de Julho 2001 330 ## $aEsboço do mapa de Portugal 675 ## $a711(084.5)$vBN$zpor$3324499 675 ## $a061.3(469.411Lisboa)"2001"(084.5)$vBN$zpor$31610411 675 ## $a766(=1:469)"200"(084.5)$vBN$zpor$3972418 702 #1 $aÂngelo,$bLeonel$4410$31112600 710 02 $aUniversidade de Lisboa.$bReitoria$364900 801 #0 $aPT$bBN$gRPC 856 40 $uhttps://purl.pt/20236 856 41 $uhttps://purl.pt/20236/service/media/cover/low 958 ## $aBND$bInterno$cDigitalizado 966 ## $lBN$mICONOG$sCT. 9398 A.$x3
Etiqueta de registo: 00945ckm 2200241 450 001 1166637 003 http://id.bnportugal.gov.pt/bib/catbnp/1166637 100 ## $a20030820d2001 k y0pory0103 ba 101 0# $apor 102 ## $aPT 200 1# $aCurso de Verão$bVisual gráfico]$eglobalização, quotidiano, funções vitais, olhares geográficos e outros$fReitoria da Universidade de Lisboa$gdesign Leonel Ângelo 210 #9 $aLisboa$cR.U.,$d2001 215 ## $a1 cartaz$ccolor.$d60x42 cm 300 ## $aNa Reitoria da Univ. de Lisboa, de 25 a 29 de Junho 2001 675 ## $a061.3(469.411Lisboa)"2001"(084.5)$vBN$zpor$31610411 675 ## $a766(=1:469)"200"(084.5)$vBN$zpor$3972418 702 #1 $aÂngelo,$bLeonel$4410$31112600 710 02 $aUniversidade de Lisboa.$bReitoria$364900 801 #0 $aPT$bBN$gRPC 856 40 $uhttps://purl.pt/20293 856 41 $uhttps://purl.pt/20293/service/media/cover/low 958 ## $aBND$bInterno$cDigitalizado 966 ## $lBN$mICONOG$sCT. 9462 A.$x3
Etiqueta de registo: 00000nkm 2200025 450 001 2282634 003 http://id.bnportugal.gov.pt/bib/catbnp/2282634 100 ## $a20260323d1993 m y0pory01030103ba 101 0# $apor 102 ## $aPT 200 1# $aFormação 93, APCC, Cursos Animadores de Campos de Férias, Fotografia, Serigrafia,
Marionetas, Astronomia, Técnicas Aeroespaciais, Técnica Circenses, Escalada, Espeleologia,
Orientação$bVisual gráfico]$fCentro de Formação de Animadores da Associação para a Promoção Cultural da Criança$gAngelo.93 210 #9 $aLisboa$cCentro de Formação de Animadores da Associação para a Promoção Cultural da Criança,$d1993 215 ## $a1 cartaz$ccolor.$d59,5x42 cm 317 ## $aColeção Madeira Luís 702 #1 $aÂngelo,$bLeonel$4410$31112600 710 02 $aAssociação para a Promoção Cultural da Criança.$bCentro de Formação de Animadores$396656 801 #0 $aPT$bBN$gRPC 966 ## $lBN$mICONOG$sCT. 25738 A.$x3 971 ## $cCaticonografia6$d20260323 995 ## $aPRR2026
|
|
|